10 стран Азии по территории - Statistics

General Stats
  • This quiz has been taken 8 619 times
  • The average score is 8 of 10
Answer Stats
Площадь (км²) Страна % Correct
9 596 960 Китай
99%
2 717 300 Казахстан
96%
3 287 590 Индия
95%
1 565 000 Монголия
84%
1 648 000 Иран
79%
803 940 Пакистан
76%
1 960 580 Саудовская Аравия
72%
1 919 440 Индонезия
71%
780 580 Турция
64%
678 500 Мьянма
37%
No matching quizzes found
Score Distribution
Percent of People with Each Score
Percentile by Number Answered
Your Score History
You have not taken this quiz